On A Map: South America Quiz Stats

Quiz Updated Sep 15, 2017

Also try: On A Map: Europe
Challenge
Share
Tweet
Score 0/12 Timer 01:00
32 Plays Today
% Correct
Brazil
86.4%
Chile
84.5%
Argentina
83.6%
Peru
79.5%
Paraguay
77.9%
Colombia
77.7%
Uruguay
75.9%
Venezuela
75.8%
Bolivia
75.4%
Ecuador
73.8%
Suriname
71.5%
Guyana
69.2%

You're not logged in!

Compare scores with friends on all Sporcle quizzes.
Sign Up with Email
OR
Log In

You Might Also Like...

Show Comments

Extras

Top Quizzes Today


Score Distribution

Your Account Isn't Verified!

In order to create a playlist on Sporcle, you need to verify the email address you used during registration. Go to your Sporcle Settings to finish the process.

Report this User

Report this user for behavior that violates our Community Guidelines.

Details: